01219nam a2200193Ia 4500001001100000003001000011008004100021040002500062041001300087100003600100245009200136250001100228260010000239300001200339500026200351501011400613520026200727650003600989L200-54158IT-CnALBA170116s9999||||xx |||||||||||||| ||und|| aIT-CnALBAcIT-CnALBA aITALIANO aMATTEO, APOSTOLO ED EVANGELISTA 0aI VANGELI DI NATALE. UNA VISITA GUIDATA ATTRAVERSO I RACCONTI DELL'INFANZIA DI GESÙ.  a1a ed. aCINISELLO BALSAMO (MI)bPERIODICI SAN PAOLO ED. c1992 [1° Ed.:1992 - Ed.Ling.Originale: 1992] a160 p.  aCURATORE RAVASI G.F. VANGELI DELL'INFANZIA. PROFEZIE, ALBA DEL NATALE. MARIA, RAGAZZA DI NAZARETH, INCINTA DI GESÙ. GIUSEPPE, DAL DUBBIO ALLA FEDE. IL CENSIMENTO, I PASTORI, TESTIMONI. MAGI E RICERCA PREMIATA. GLI ANGELI E IL MISTERO. SANTA FAMIGLIA IN EG aSocietà San Paolo EM - Piazza San Paolo, 14 - 12051 ALBA (CN) (non commercial uses only) ® Copyright 2017 aCURATORE RAVASI G.F. VANGELI DELL'INFANZIA. PROFEZIE, ALBA DEL NATALE. MARIA, RAGAZZA DI NAZARETH, INCINTA DI GESÙ. GIUSEPPE, DAL DUBBIO ALLA FEDE. IL CENSIMENTO, I PASTORI, TESTIMONI. MAGI E RICERCA PREMIATA. GLI ANGELI E IL MISTERO. SANTA FAMIGLIA IN EG aRELIGIONE - RELIGIONE CRISTIANA